| 000 | 00654nam a2200205 i 4500 | ||
|---|---|---|---|
| 001 | 35430 | ||
| 003 | ES-MaACL | ||
| 005 | 20230906155128.0 | ||
| 007 | t| | ||
| 008 | 030213s1957 ag ||||1| spa d | ||
| 100 | 1 |
_aBorkenau, Franz. _930510 |
|
| 245 | 1 | 0 |
_aArnold Toynbes y la nueva decadencia _b: el nihilismo histórico / _cFranz Borkenau ; [traducción del inglés por Armando J. Cobo]. |
| 260 |
_aBuenos Aires : _bSiglo Veinte, _c[1957] ( _fMaclaud) |
||
| 300 |
_a78 p. ; _c20 cm. |
||
| 490 | 1 | _aPanorama | |
| 700 | 1 |
_aCobo, Armando J. _939345 |
|
| 830 | 0 |
_aPanorama _9181571 |
|
| 852 |
_aES-MaACL _j2009-F-7 _bR.43299 |
||
| 999 |
_c35430 _d35430 |
||